| 000 | 00735 a2200193 4500 | ||
|---|---|---|---|
| 999 |
_c183013 _d183013 |
||
| 005 | 20211214170751.0 | ||
| 010 | _aENG-130308 | ||
| 020 |
_c599.00 _a978-3-544-9763-6 |
||
| 035 | _aEN-113840 | ||
| 037 | _bDBAD / PUB | ||
| 082 | 1 | 4 | _a174.4 |
| 100 | 1 | _aMuraleedharan, K.P. | |
| 245 | 1 |
_aFernando's Business Ethics and Corporate Governance: _cK.P. Muraleedharan, E.K. Satheesh |
|
| 260 |
_aUttar Pradesh _bPearson India Education Services Pvt. Ltd _c2022 |
||
| 270 |
_a15th Floor, Tower-B, World Trade Tower, Plot No. 1, Block-C, Sector 16, Noida _bUttar Pradesh _e201301 _mcompanysecretary.india@pearon.com |
||
| 300 |
_axxxvii, 716p. _c22cm (pbk) |
||
| 700 | _aE.K. Satheesh | ||
| 942 |
_adpl _cEN _2ddc _h174.4 _mMUR |
||